000 00285nam a22001217a 4500
008 160506b xxu||||| |||| 00| 0 eng d
020 _a9780963633439
020 _a0963633430
041 _aeng
080 _a61
245 _aAlternative medicine:
_cDeepak Chopra M. D;
942 _2udc
_cBK
999 _c1864
_d1864